000 00543nam a2200241Ia 4500
003 OSt
005 20220924151708.0
006 a|||||r|||| 00| 0
007 ta
008 220923b |||||||| |||| 00| 0 tel d
020 _c55
024 _a338715
037 _cTextual
040 _aARTS
_cARTS
_btel
041 _2tel
_atel
082 _aR65,6, 35M9
100 _aRao
245 0 _aBhagavatamu
260 _c1989
650 _aPHILOSOPHY
942 _hR65,6, 35M9
_cTEXL
_2CC
999 _c467423
_d467423